000 00669nam a2200205 a 4500
005 20240924063925.0
008 991125s1991 ea 000 0 eng u
020 _a1559380349
035 _aUPN01000001120
049 _aCG
050 4 _aLB1028
_bA39 1991
245 0 0 _aAdvances in research on teaching :
_bresearch annual teacher's knowledge... /
_ced. Jere Brophy.
260 _aGreenwich [E.U.A.] :
_bJAI,
_c1991.
300 _a364 p.
440 0 _aAdvances in research on teaching ;
_v2
650 4 _aEducación
_xInvestigación
_94070
650 4 _aEducación
_xEstudio y enseñanza
_91553
700 1 _aBrophy, Jere Edward,
_d1940-2009
_eed.
_932122
905 _aLibro
999 _c1120
_d1120